01045nam a2200241Ia 4500001000600000003000900006008004100015040001300056040001300069041001300082100002500095100002900120245012300149245007000272250001100342260001100353260001300364260004900377300005900426500025900485650002800744650003100772H1611IT-RoPAU130308s9999 xx 000 0 und d aIT-RoPAU cIT-RoPAU aITALIANO aCaprettini Gianpaolo gCodice Aut. SPICS: 11221 a"Modelli di pubblico come principi interpretativi: ""Un medico in famiglia"" e i meccanismi dell'intimità€ condivisa" bLinguaggi Televisivi e Realta' Familiari: Quali spazi D'Incontro? a1a ed. aMILANO bUnicopli c2002 [1° Ed.:2002 - Ed.Ling.Originale:2002] a"10 p. (prefazione: no ; testo: 10 [pagine: 129-138])" aMondo e Televisione: per una Retorica della Distanza. spazi Sociali e Arene Comunicative: per Un'Etnografia Televisiva. Il Pubblico Diventa Protagonista, caduta della barriera Mediatica. Chiacchiera Quotidiana: per una Teoria Etologica della Televisione? aSAGGI SULLA TELEVISIONE eCodice materia Spics: 6961